Effect of water stress and potassium fertilizer on the growth, yield and composition of essential oil of fennel plant (Record no. 43877)

MARC details
000 -LEADER
fixed length control field 02586cab a2200337Ia 45 0
001 - CONTROL NUMBER
control field u189094
003 - CONTROL NUMBER IDENTIFIER
control field SIRSI
008 - FIXED-LENGTH DATA ELEMENTS--GENERAL INFORMATION
fixed length control field 110116s2010 ua ss b eng d
040 ## - CATALOGING SOURCE
Original cataloging agency EAL
041 ## - LANGUAGE CODE
Language code of text/sound track or separate title eng
Language code of summary or abstract ara
090 ## - LOCALLY ASSIGNED LC-TYPE CALL NUMBER (OCLC); LOCAL CALL NUMBER (RLIN)
Classification number (OCLC) (R) ; Classification number, CALL (RLIN) (NR) ART MUJPP V1 No7 9
100 1# - MAIN ENTRY--PERSONAL NAME
Personal name Younis, S. I.
240 10 - UNIFORM TITLE
Uniform title Mansoura University journal of plant production, 2010 v. 1 (7)
Medium [electronic resource].
245 10 - TITLE STATEMENT
Title Effect of water stress and potassium fertilizer on the growth, yield and composition of essential oil of fennel plant
Medium [electronic resource].
246 15 - VARYING FORM OF TITLE
Title proper/short title تأثير الاجهاد المائي والتسميد البوتاسي علي النمو والمحصول والمكونات الكيميائية للزيت العطري لنبات الشمر.
300 ## - PHYSICAL DESCRIPTION
Extent p.931-946.
504 ## - BIBLIOGRAPHY, ETC. NOTE
Bibliography, etc. note Includes references.
520 ## - SUMMARY, ETC.
Summary, etc. Two field experiments were carried out at Sakha Agricultural Research Station during the 2009 and 2010 seasons to investigate the impact of water stress treatments (40, 60 and 80% depletion from available soil water) and potassium fertilizer levels (18, 24 and 30kg K,O/fed) as potassiuin sulphate on the growth, yield and essential oil of fennel plants. The obtained results showed that supplying plants with a water level of 40% from available soil water and 30kg f<20/fed were effective on raising the productlvity of fruit yield and essential oil. The interaction between these two treatments gave the best results. Concerning essential oil constituents, methyl cnavicol (estragole) was the major compound, followed by limonene, fenchone, anethole, a pinene, myrcene and 13 pinene. The values of consumptive use, water applied and water storage in the effective root zone Vlere clearly affected by irrigation treatments where the highest values for the three studied parameters were increased under 11 (irrigation at depletion of 40% from available water, consequently, the values of these parameters can be arranged descendingly as follows: l1> l2> l3 while, the mean values of water application efficiency can be arranged descendingly in order of l3>l2>l1.
546 ## - LANGUAGE NOTE
Language note Summary in English.
596 ## -
-- 1
650 #0 - SUBJECT ADDED ENTRY--TOPICAL TERM
Topical term or geographic name entry element Fennel
General subdivision Growth.
650 #0 - SUBJECT ADDED ENTRY--TOPICAL TERM
Topical term or geographic name entry element Fennel
General subdivision Fertilizers.
650 #0 - SUBJECT ADDED ENTRY--TOPICAL TERM
Topical term or geographic name entry element Fennel
General subdivision Yields.
650 #0 - SUBJECT ADDED ENTRY--TOPICAL TERM
Topical term or geographic name entry element Fennel
General subdivision Effect of stress on.
650 #0 - SUBJECT ADDED ENTRY--TOPICAL TERM
Topical term or geographic name entry element Herbs.
650 #0 - SUBJECT ADDED ENTRY--TOPICAL TERM
Topical term or geographic name entry element Potassium fertilizers.
700 1# - ADDED ENTRY--PERSONAL NAME
Personal name Rashed, Nahed M.
700 1# - ADDED ENTRY--PERSONAL NAME
Personal name Moursi, E. A.
773 0# - HOST ITEM ENTRY
Title Mansoura University Journal of Plant Production.
Related parts 2010.v.1(7)
International Standard Serial Number 2090-3669
Control subfield nnas
Record control number u183247
856 40 - ELECTRONIC LOCATION AND ACCESS
Uniform Resource Identifier <a href="http://nile.enal.sci.eg/EALE/2010/MUJPP/110/7/931.pdf">http://nile.enal.sci.eg/EALE/2010/MUJPP/110/7/931.pdf</a>
Public note Full Text Article.
942 ## - ADDED ENTRY ELEMENTS (KOHA)
Koha item type Articles
Source of classification or shelving scheme Library of Congress Classification

No items available.


Home | About ENAL | Collections | Services | Activities | Calendar | Contact us

7 Nadi El Sayed St., Giza, Egypt | Phone:02-33351121 +02-33351313 | 
| Email: enalegypt@gmail.com